000 00375nam a2200145Ia 4500
005 20250729165757.0
008 250729s2017 xx 000 0 und d
041 _akan
082 _a370.25 KONS
100 _aDr.N.B.Kongawada
_9232751
245 _aJnana mattu Patya Krama
260 _aGadag
_bVidyanidhi Prakashana
_c2017
300 _a179p
650 _aPsychology
_9232752
999 _c239939
_d239939